| 000 | 00566 a2200169 4500 | ||
|---|---|---|---|
| 020 | _a817024398X | ||
| 020 | _a9788170243984 | ||
| 090 |
_c925 _d925 |
||
| 100 | 1 | _aMahajan, V.S. | |
| 245 | 1 | 0 |
_aNational energy : _bpolicy, crisis and growth / _cV.S. Mahajan. |
| 260 |
_a[S.l.] : _bAshish, _c2005. |
||
| 300 | _a413 p. | ||
| 500 | _aPaperback. | ||
| 856 | 4 | 0 |
_3Amazon.com _uhttp://www.amazon.com/exec/obidos/ASIN/817024398X/chopaconline-20 |
| 856 | 4 | 0 |
_3Amazon customer reviews _uhttp://www.chopac.org/cgi-bin/tools/azrev.pl?q=817024398X |
| 942 |
_aNBS _cBK _k339.5 MAH |
||
| 999 |
_c343469 _d343469 |
||